000 03261cgm a2200637Ia 4500
003 data
005 20260322212023.0
007 data
008 data
020 _a1419876007
020 _a9781419876004
024 1 _a794043127311
028 4 2 _a1000044824
_bNew Line Home Entertainment
028 4 2 _a2000006572
_bNew Line Home Entertainment
028 4 2 _a3000020720
_bNew Line Home Entertainment
037 _bMidwest Tape
_nhttp://www.midwesttapes.com
040 _aTEFMT
_cTEFMT
_dJCU
_dBTCTA
_dTEFMT
_dFTL
_dIA4
_dUPZ
_dJCU
041 1 _aeng
_bspa
_heng
050 1 4 _aPN1997
_b.I545 2009
090 _aDVD 525
245 1 0 _aInkheart
_h[videorecording] /
_cIain Softley ... [et al.].
260 _a[Burbank, Calif.] :
_bNew Line Home Entertainment,
_c[2009]
300 _a1 videodisc (106 min.) :
_bsd., col. ;
_c4 3/4 in.
500 _aBased on the book by Cornelia Funke.
500 _aOriginally released as a motion picture in 2008.
500 _aSpecial feature: Eliza reads to us (actress Eliza Bennett shares one of her favorite passages from the book that did not end up in the movie, accompanied by Cornelia Funke's illustrations of the story).
508 _aDirector of photography, Roger Pratt ; editor, Martin Walsh ; music, Javier Navarrete ; production designer, John Beard ; costume designer, Verity Hawkes.
511 1 _aBrendan Fraser, Sienna Guillory, Eliza Hope Bennett, Richard Strange, Paul Bettany, Helen Mirren, Rafi Gavron, Andy Serkis, Jim Broadbent.
520 _aWhen Mo Folchart reads a story aloud, the characters leap off the page. Literally. And that's a problem. One night he brings out three characters from Inkheart, a story set in medieval times and filled with magical beings. Capricorn and Basta are two villains. Dustfinger is a fire-eater. Now, 10 years later Mo's daughter, Meggie, discovers the truth and it's up to her to escape Capricorn's evil grasp. Mo has been searching for a long lost book that will help so he can use his special powers to send the interlopers back to their world.
521 8 _aMPAA rating: PG; for fantasy adventure action, some scary moments and brief language.
538 _aDVD, region 1, full screen (1.33:1) and widescreen (2.40:1); Dolby Digital.
546 _aIn English with optional English and Spanish subtitles; English subtitles for the deaf and hard of hearing.
650 0 _aOral reading
_vDrama.
650 0 _aCharacters and characteristics in literature
_vDrama.
650 0 _aTime travel
_vDrama.
650 0 _aFathers and daughters
_vDrama.
650 0 _aMissing persons
_vDrama.
700 1 _aSoftley, Iain.
700 1 _aPokorny, Diana.
700 1 _aFunke, Cornelia Caroline.
700 1 _aLindsay-Abaire, David.
700 1 _aFraser, Brendan,
_d1968-
700 1 _aGuillory, Sienna,
_d1975-
700 1 _aBennett, Eliza Hope.
700 1 _aStrange, Richard,
_d1951-
700 1 _aBettany, Paul,
_d1971-
700 1 _aMirren, Helen.
700 1 _aGavron, Rafi.
700 1 _aSerkis, Andy.
700 1 _aBroadbent, Jim.
700 1 _aFunke, Cornelia Caroline.
_tTintenherz.
_lEnglish.
710 2 _aWarner Home Video (Firm)
710 2 _aNew Line Cinema Corporation.
710 2 _aNew Line Home Entertainment (Firm)
001 data
999 _c516
_d516